Délmagyarország. - 1990. augusztus 31., Péntek

Elmentve itt :
Bibliográfiai részletek
Dokumentumtípus: Újság
Megjelent: 1990-08-31
Sorozat:Délmagyarország 80 No. 218
Online Access:http://dmarchiv.bibl.u-szeged.hu/24289
LEADER 00491nas a2200145 i 4500
001 delm24289
005 20200415081431.0
008 171218s1990 hu n o 0|| hun d
022 |a 0133-025X 
040 |a SZTE Délmagyarország Archívum  |b hun 
041 |a hun 
245 0 0 |a Délmagyarország. - 1990. augusztus 31., Péntek  |h [elektronikus dokumentum] 
260 |c 1990-08-31 
490 0 |a Délmagyarország  |v 80 No. 218 
856 4 0 |u http://dmarchiv.bibl.u-szeged.hu/24289/1/dm_1990_218.pdf  |z Dokumentum-elérés